Stunden im all (Record no. 6316)

MARC details
000 -CABECERA
campo de control de longitud fija 00780nam a2200229 a 4500
001 - NÚMERO DE CONTROL
campo de control BRCA_6632
005 - FECHA Y HORA DE LA ÚLTIMA TRANSACCIÓN
campo de control 20190320205533.0
008 - DATOS DE LONGITUD FIJA--INFORMACIÓN GENERAL
campo de control de longitud fija 101011s19201909ag-#######---#000-0#ger-#
041 ## - CÓDIGO DE LENGUA
Código de lengua del texto/banda sonora o título independiente ger
044 ## - CÓDIGO DEL PAÍS DE LA ENTIDAD EDITORA/PRODUCTORA
Código MARC del país gw
050 #4 - SIGNATURA TOPOGRÁFICA DE LA BIBLIOTECA DEL CONGRESO
Número de clasificación Q171
Número de documento/Ítem .B657 1920
100 1# - ENTRADA PRINCIPAL--NOMBRE DE PERSONA
Nombre de persona Bölsche, Wilhelm
Fechas asociadas al nombre 1861-1939
9 (RLIN) 16359
245 10 - MENCIÓN DE TÍTULO
Título Stunden im all
Resto del título Naturwissenschaftliche Plauderein
Mención de responsabilidad, etc. Wilhelm Bolsche.
260 ## - PUBLICACIÓN, DISTRIBUCIÓN, ETC.
Lugar de publicación, distribución, etc. Stuttgart
Nombre del editor, distribuidor, etc. Deutsche Verlags-Anstalt
Fecha de publicación, distribución, etc. 1920, c1909
300 ## - DESCRIPCIÓN FÍSICA
Extensión 2 v.
Dimensiones 18 cm.
500 ## - NOTA GENERAL
Nota general La biblioteca tiene 2 ejemplares con el mismo numero de acceso. Ej 1 de 1920 y Ej 2 de 1909
500 ## - NOTA GENERAL
Nota general Estado físico: ambos ejemplares con la encuadernación desprendida
500 ## - NOTA GENERAL
Nota general L123
650 14 - PUNTO DE ACCESO ADICIONAL DE MATERIA--TÉRMINO DE MATERIA
Término de materia o nombre geográfico como elemento de entrada Ciencia
Subdivisión de forma Discursos, ensayos, conferencias
9 (RLIN) 16049
902 ## - CATALOGADOR
Iniciales GFM
942 ## - ELEMENTOS DE PUNTO DE ACCESO ADICIONAL (KOHA)
Fuente del sistema de clasificación o colocación Library of Congress Classification
Tipo de ítem Koha Libros
Holdings
Estado de retiro Estado de pérdida Estado dañado No para préstamo Localización permanente Ubicación/localización actual Fecha de adquisición Número de inventario Total de préstamos Signatura topográfica completa Código de barras Fecha visto por última vez Precio válido a partir de Tipo de ítem Koha
El ejemplar forma parte de la colección y puede ser consultado según las políticas vigentes.       Biblioteca del Museo Franz Mayer (Rogerio Casas-Alatriste) Biblioteca del Museo Franz Mayer (Rogerio Casas-Alatriste) 10/10/2011 L123   Q171 .B657 1920 (L123) 7080 22/03/2019 22/03/2019 Libros